Eesti Poliitikud - Statistics

General Stats
  • This quiz has been taken 101 times
  • The average score is 7 of 15
Answer Stats
Picture Answer % Correct
Toomas Hendrik Ilves
95%
Lennart Meri
90%
Konstantin Päts
88%
Edgar Savisaar
86%
Tanel Kiik
73%
Jevgeni Ossinovski
68%
Kristen Michal
51%
Jaak Aab
25%
Johannes Semper
23%
Marko Pomerants
22%
Alfred Rosenberg
14%
Ken-Marti Vaher
12%
Jaanus Tamkivi
5%
Peeter Pöld
5%
Ado Birk
4%
No matching quizzes found
Score Distribution
Percent of People with Each Score
Percentile by Number Answered
Your Score History
You have not taken this quiz